Plus grandes villes des plus grands cours d'eau de France - Statistiques

Statistiques générales
  • Ce quiz a été pris 66 fois
  • Le résultat moyen est 12 sur 25
Statistiques - réponses
Cours d'eau Population Ville % Correct
Seine 2 113 705 Paris
98%
Rhône 520 774 Lyon
97%
265 328 Bordeaux
93%
Loire 325 070 Nantes
90%
Garonne 511 684 Toulouse
85%
172 569 Saint-Étienne
75%
116 344 Orléans
74%
138 668 Tours
74%
116 331 Rouen
66%
166 462 Le Havre
59%
162 207 Villeurbanne
56%
64 288 Valence
54%
91 760 Avignon
49%
32 193 Agen
46%
120 205 Boulogne-Billancourt
39%
148 907 Saint-Denis
38%
73 111 Saint-Nazaire
34%
Marne 92 859 Créteil
26%
27 314 Blagnac
21%
52 448 Vaulx-en-Velin
20%
30 968 Bègles
15%
78 367 Champigny-sur-Marne
10%
71 632 Noisy-le-Grand
10%
76 010 Saint-Maur-des-Fossés
8%
57 422 Maisons-Alfort
2%
Aucun quiz correspondant
Distribution des résultats
% des personnes avec chaque résultat
Percentile par nombre de réponses
Votre historique - résultats
Vous n’avez pas pris ce quiz